000 00683nam a2200193 i 4500
001 50096
003 ES-MaACL
005 20250803063046.0
007 t|
008 030730s1910 fr ||||1| fre d
100 1 _aCroce, Benedetto,
_d1866-1952
_9241508
245 1 0 _aCe qui est vivant et ce que est mort de la philosophie de Hegel /
_cpar Benedetto Croce ; traduit de l'italien avec l'autorisation de l'auteur par Henri Buriot.
260 _aParis :
_bV. Giard et E. Brière,
_c1910.
300 _aXX, 249 p. ;
_c23 cm.
600 0 4 _aHegel, Georg Wilhelm Friedrich.
_962316
700 1 _aBuriot, Henri.
_9201715
852 _aES-MaACL
_jF-1779
999 _c50096
_d50096